000 00574nam a22001697a 4500
003 OSt
005 20260211101007.0
008 260211b |||||||| |||| 00| 0 eng d
040 _cMRSPTU
041 _aEnglish
100 _aGursimran Singh Dhaliwal, Supervisor: Dr. Sanjiv Kumar Aggarwal
245 _aProblems & Remedial Measures of Irrigation Scenario in Malwa Belt - A Case Study
260 _bDepartment of Civil Engg. MRSPTU, Bathinda
_c2015
650 _aCivil Engineering
856 _uhttp://163.47.215.52:8080/jspui/handle/123456789/1105
942 _2ddc
_cTH
_n0
999 _c10888
_d10888